MARC

LEADER 00000nab a2200000 4500
001 vtls012016393
003 SK-MaSNL
005 20260318114049.0
008 210301c2019 xo er|n || ||00 c0ukr
015 |a SNBRB2021/03 
038 |a SVKPOCL 
040 |a SVKPOCL  |b slo  |c SVKPOCL  |e rda 
041 0 |a ukr 
043 |a e-xo---  |a e-un---  |a e-pl--- 
044 |a xo  |c SK 
072 7 |a 904  |x Kultúrne pamiatky historického obdobia všeobecne  |2 konspekt 
072 7 |a 069  |x Múzeá. Muzeológia. Múzejníctvo. Výstavy  |2 konspekt 
080 |a 394(437.671):7.092  |2 2011 
080 |a 7.092  |2 2011 
080 |a 398.8(437.6)  |2 2011 
080 |a 069(=161.2)(437.671):398.4  |2 2011 
080 |a (437.67)  |2 2011 
080 |a (477)  |2 2011 
080 |a 27-523.42-035.3(091)  |2 2011 
080 |a (438)  |2 2011 
100 1 |a Božíková, Miriam  |4 aut  |9 1602847 
245 1 0 |a «Koly vnoči pyl'nuje svitlo»  |c Mir’jam Božykova. 
300 |b Fotografie 
336 |a text  |b txt  |2 rdacontent 
337 |a bez média  |b n  |2 rdamedia 
338 |a zväzok  |b nc  |2 rdacarrier 
600 1 7 |a Hirčko, Ján,  |d 1979-  |2 svkpocl  |9 1336021 
600 1 7 |a Jacko, Jakub  |2 svkpocl  |9 1631817 
610 2 7 |a Múzeum ukrajinskej kultúry (Svidník, Slovensko)  |2 SNKKA  |9 33119 
610 2 7 |a Rusínsko-ukrajinská iniciatíva (občianske združenie : Svidník, Slovensko)  |2 svkpocl  |9 1336023 
610 2 7 |a Jaco security (Svidník, Slovensko)  |2 svkpocl  |9 1631818 
610 2 7 |a Prešovský samosprávny kraj (Slovensko)  |2 SNKKA  |9 306008 
611 2 7 |a Pirohy 2019  |n (24. :  |d 2019 :  |c Svidník, Slovensko  |2 svkpocl  |9 1348349 
611 2 7 |a Deň ľudových tradícií  |n (24. :  |d 2019 :  |c Svidník, Slovensko)  |2 svkpocl  |9 1348350 
648 7 |a 8.9.2019  |2 svkpocl  |9 1348351 
650 0 7 |a osvetlenie budov  |2 svkpocl  |9 408118 
650 0 7 |a sakrálna architektúra  |2 SNKPH  |9 729 
650 0 7 |a ľudové piesne  |2 SNKPH  |9 1941 
650 0 7 |a ochrana kultúrnych pamiatok  |2 SNKPH  |9 2861 
650 0 7 |a kultúrne podujatia  |2 SNKPH  |9 71676 
650 0 7 |a drevené kostoly  |2 SNKPH  |9 3659 
650 0 7 |a folklórne slávnosti  |2 SNKPH  |9 74761 
650 0 7 |a múzeá  |2 SNKPH  |9 4119 
651 7 |a Svidník (Slovensko)  |2 SNKPHgeo  |9 28309 
651 7 |a Ukrajina  |2 SNKPHgeo  |9 168045 
651 7 |a Slovensko  |2 SNKPHgeo  |9 14231 
651 7 |a Nová Polianka (Svidník, Slovensko)  |2 SNKPHgeo  |9 21337 
773 0 |t Nove žyttja  |g Roč. 69, č. 20 (2019), s. 4 
852 |a SVKPO  |b KIS3GCP 
958 |a UK 
958 |a SK 
958 |a UA 
958 |a RN 
958 |a PL 
958 |a NM 
999 |c 3364607  |d 3366537